00742 a2200193 450000100060000002000060000604000220001210000200003424000450005424500400009930000070013936200090014665000230015594200070017895201130018595201160029895201170041499900170053156563 a  cAnchieta - Pituba aBandeira, Pedro10aO mistério da fábrica de livroslpor10aO mistério da fábrica de livros a860 a1988 4aLiteratura juvenil cBK 00104070a91.1b91.1d2023-11-21l0oLJ 028.5 B214m BAN MISp6106/PITr2023-11-21 18:24:03w2023-11-21yBK 00102udc4070a39.1b39.1d2024-07-08l0o028.5 B214mp4156/CCPr2024-07-08 16:29:54tEx. 1w2024-07-08yBKu 00102udc4070a39.1b39.1d2024-07-22l0o028.5 B214m p5183/CCPr2024-07-22 18:36:56tEx. 2w2024-07-22yBKu c56563d56563